| 000 | 00584nam a2200181Ia 4500 | ||
|---|---|---|---|
| 008 | 100920s9999 xx 000 0 und d | ||
| 082 |
_b64371 _a24 थ 92 |
||
| 100 | _aभट सुरेश. | ||
| 245 | _aरंग माझा वेगळा. | ||
| 260 |
_bसाहित्य-प्रसार-केंद्र, मुंबई. _c1992 |
||
| 300 |
_a89 _bसाधी |
||
| 365 | _b40 | ||
| 520 | _aसायो. | ||
| 630 | _aरंग माझा वेगळा. | ||
| 650 | _aसायो. | ||
| 730 | _aरंग माझा वेगळा. | ||
| 942 | _cBOOK | ||
| 999 |
_c707399 _d707396 |
||